|
|
|
|
| LEADER |
00000ny a22000003n 4500 |
| 005 |
20110623130834.0 |
| 006 |
m u |
| 007 |
cr cn||||||||| |
| 008 |
200807r2008 sp |||||s|||||||||||spa d |
| 020 |
|
|
|a 9788498490251
|
| 035 |
|
|
|a 2218
|
| 040 |
|
|
|a FlNmELB
|c FlNmELB
|d vlex
|
| 050 |
1 |
4 |
|a KKT3117
|b L791 2008eb
|
| 080 |
|
|
|a 618.177-089.888.11:34
|
| 090 |
|
|
|c 1216
|d 1216
|
| 100 |
1 |
|
|a Lled ̤Yagüe, Francisco
|
| 245 |
1 |
0 |
|a Comentarios cientf̕ico-jurd̕icos Ley 14/2006, de 26 de mayo, sobre tčnicas de reproduccin̤ humana asistida
|h [Recurso electrn̤ico]
|c Dirigido por Francisco Lled ̤Yagüe, Carmen Ochoa Marieta: Coordinado por Oscar Monje Balmaseda
|
| 256 |
|
|
|a Servicio en ln̕ea
|
| 260 |
|
|
|a Madrid :
|b Dykinson,
|c 2008
|
| 300 |
|
|
|a 8-430 p
|
| 650 |
0 |
7 |
|2 Tesauro vLex
|a Reproduccin̤ Humana Asistida
|
| 650 |
0 |
7 |
|2 Tesauro vLex
|a Civil
|
| 650 |
0 |
7 |
|2 Tesauro vLex
|a Tčnicas de reproduccin̤ asistida
|
| 700 |
1 |
|
|a Ochoa Marieta, Carmen,
|e dir
|
| 700 |
1 |
|
|a Oscar Monje Balmaseda,
|e coord
|
| 740 |
0 |
|
|a vLex Libros (Servicios en ln̕ea)
|
| 856 |
4 |
0 |
|z Acceso restringido
|u http://vlex.com/source/2218
|
| 942 |
|
|
|c BOOK
|